Countries in yakkos world - Statistics

General Stats
  • This quiz has been taken 9 times
  • The average score is 38 of 158
Answer Stats
Contitent Answer % Correct
NA Canada
100%
NA Mexico
100%
SA Peru
100%
NA United states
100%
NA Haiti
86%
NA Panama
86%
Aus/oc Australia
71%
NA Cuba
71%
NA Greenland
71%
NA Jamaica
71%
E Spain
71%
E Austria
57%
SA Bolivia
57%
SA Chile
57%
As China
57%
SA Colombia
57%
NA El Salvador
57%
NA Guam
57%
E Norway
57%
NA Puerto Rico
57%
NA Republic Dominican
57%
SA Argentina
43%
NA Bahamas
43%
E Belgium
43%
SA Brazil
43%
NA Caribbean
43%
NA Costa rica
43%
SA Ecuador
43%
E England
43%
E France
43%
E greece
43%
SA Guyana
43%
NA Honduras
43%
E Iceland
43%
As Japan
43%
As Laos
43%
E&As Russia
43%
As Saudi Arabia
43%
E The Netherlands
43%
E&As Turkey
43%
SA Uruguay
43%
SA Venezuela
43%
As Afghanistan
29%
E Albania
29%
As Asia
29%
NA Barbados
29%
NA Belize
29%
NA Bermuda
29%
E Denmark
29%
Af & As Egypt
29%
E Finland
29%
E Germany
29%
As India
29%
As Indonesia
29%
As Iran
29%
As Iraq
29%
E Ireland
29%
E Italy
29%
Af Libya
29%
As Mongolia
29%
As Nepal
29%
NA Nicaragua
29%
As Oman
29%
As Pakistan
29%
SA Paraguay
29%
E Poland
29%
E Portugal
29%
SA San Juan
29%
Af Sudan
29%
E Switzerland
29%
As Syria
29%
As Thailand
29%
NA Tobago
29%
As Yemen
29%
Af Algeria
14%
Af Benin
14%
As Bhutan
14%
Af Botswana
14%
E Bulgaria
14%
As Burma
14%
Af Chad
14%
As Cyprus
14%
E Czechoslovakia
14%
Oc Fiji
14%
SA French Guyana
14%
E Hungary
14%
As Jordan
14%
As Korea
14%
As Lebanon
14%
E Luxemburg
14%
Af Madagascar
14%
As Malaysia
14%
E Malta
14%
Af Morocco
14%
Af Namibia
14%
Oc New Zealand
14%
Af Niger
14%
Af Nigeria
14%
E Romania
14%
E Scotland
14%
E Sweden
14%
As Tibet
14%
Af Togo
14%
E Transylvania
14%
Af Tunisia
14%
As Vietnam
14%
E Yugoslavia
14%
Af Zaire
14%
As Adu dhabi
0%
Af Algiers
0%
Af Angola
0%
As Bahrain
0%
As Bangladesh
0%
Af Burundi
0%
Af Cameroon
0%
NA Cayman
0%
Af Congo
0%
E Crete
0%
Af Dahomey
0%
Af Dijoubi
0%
Af Ethiopia
0%
Af Gabon
0%
Af Gambia
0%
Af Ghana
0%
Af Guinea
0%
Af Guinea-bissau
0%
As Hong Kong
0%
As Israel
0%
As Kampuchea
0%
Af Kenya
0%
As Kuwait
0%
Af Lesotho
0%
Af Liberia
0%
E Liechtenstein
0%
Af Mahore
0%
Af Malawi
0%
Af Mali
0%
Af Mauritania
0%
E Monaco
0%
Af Mozambique
0%
Oc New Guinea
0%
As Palestine
0%
As Qatar
0%
NA Quatemala
0%
Af Rwanda
0%
Af Senegal
0%
Af Sierra Leone
0%
Af Somalia
0%
As Sri Lanka
0%
As Sumatra
0%
Af Swaziland
0%
As Taiwan
0%
Af Tanzania
0%
As The Borneo
0%
As The Philippine islands
0%
Af Uganda
0%
Af Zambia
0%
Af Zimbabwe
0%
No matching quizzes found
Score Distribution
Percent of People with Each Score
Percentile by Number Answered
Your Score History
You have not taken this quiz